000 00469nam a2200169 i 4500
001 112171
003 ES-MaACL
005 20240411063016.0
007 t|
008 061121s1971 sp r ||||1| spa d
100 0 _aOrtega, Julio,
_d1942-
_987416
245 1 0 _aFiguración de la persona /
_cJulio Ortega.
260 _aBarcelona :
_bEdhasa,
_c1971.
300 _a324 p. ;
_c22 cm.
852 _aES-MaACL
_jC-38616
_bR.76191
999 _c112171
_d112171